000 00517nam a22001937a 4500
003 OSt
005 20140310182428.0
008 131024b xxu||||| |||| 00| 0 eng d
020 _a0858352753
020 _a9780858352759
050 _aQ 111
_b.En56 1995
082 _aHS 500
_bEn2 1992
245 _aEnergy from sun and atom /
260 _aSingapore :
_bRegency Publishidng Group Pty Ltd.,
_c1995.
300 _a40 p. :
_bcol. ill. ;
_c24 cm.
650 _aEnergy
_xSun
_xAtom
942 _2lcc
_cBK
999 _c13305
_d13305